[Event "Dimitrovgrad Spring"]
[Site "Dimitrovgrad"]
[Date "2023.04.14"]
[Round "6"]
[White "Ivanov, Jordan"]
[Black "Manakova, Maria"]
[Result "1/2-1/2"]
[WhiteElo "2345"]
[BlackElo "2163"]
[PlyCount "38"]
[EventDate "2023.04.11"]
[EventType "schev"]
[EventRounds "9"]
[EventCountry "BUL"]
[SourceTitle "CBM 213 Extra"]
[Source "ChessBase"]
[SourceDate "2023.05.31"]
[SourceVersion "1"]
[SourceVersionDate "2023.05.31"]
[SourceQuality "1"]
[WhiteTeam "Team D"]
[BlackTeam "Team C"]
[WhiteTeamCountry "BUL"]
[BlackTeamCountry "BUL"]

1. d4 Nf6 2. c4 g6 3. Nc3 d5 4. cxd5 Nxd5 5. e4 Nxc3 6. bxc3 Bg7 7. Bc4 c5 8. Ne2 0-0 9. 0-0 Nc6 10. Be3 Qc7 11. Rc1 Na5 12. Bd3 b6 13. Qd2 Bb7 14. Bh6 Rad8 15. Bxg7 Kxg7 16. f4 f5 17. exf5 gxf5 18. Qe3 Qd6 19. Rcd1 c4 1/2-1/2

[Event "Dimitrovgrad Spring"]
[Site "Dimitrovgrad"]
[Date "2023.04.11"]
[Round "1"]
[White "Ivanov, Jordan"]
[Black "Kanov, Nikola"]
[Result "1/2-1/2"]
[WhiteElo "2345"]
[BlackElo "2345"]
[PlyCount "39"]
[EventDate "2023.04.11"]
[EventType "schev"]
[EventRounds "9"]
[EventCountry "BUL"]
[SourceTitle "CBM 213 Extra"]
[Source "ChessBase"]
[SourceDate "2023.05.31"]
[SourceVersion "1"]
[SourceVersionDate "2023.05.31"]
[SourceQuality "1"]
[WhiteTeam "Team D"]
[BlackTeam "Team C"]
[WhiteTeamCountry "BUL"]
[BlackTeamCountry "BUL"]

1. d4 d5 2. c4 dxc4 3. Nf3 Nf6 4. e3 e6 5. Bxc4 c5 6. 0-0 a6 7. dxc5 Bxc5 8. Qxd8+ Kxd8 9. Ne5 Ke7 10. Be2 Nbd7 11. Nd3 Bd6 12. Nd2 b5 13. Bf3 Rb8 14. a4 Bb7 15. axb5 axb5 16. Ra7 Bxf3 17. Nxf3 Rhc8 18. Bd2 Ke8 19. Rd1 Bc7 20. Kf1 1/2-1/2

[Event "Pancevo Gligoric Memorial"]
[Site "Pancevo"]
[Date "2021.06.22"]
[Round "9"]
[White "Ivanov, Jordan"]
[Black "Milosevic, Milos"]
[Result "0-1"]
[WhiteElo "2353"]
[BlackElo "2377"]
[PlyCount "88"]
[EventDate "2021.06.17"]
[EventType "tourn"]
[EventRounds "9"]
[EventCountry "SRB"]
[EventCategory "2"]
[SourceTitle "CBM 203 Extra"]
[Source "ChessBase"]
[SourceDate "2021.09.30"]
[SourceVersion "1"]
[SourceVersionDate "2021.09.30"]
[SourceQuality "1"]

1. d4 Nf6 2. c4 e6 3. Nc3 Bb4 4. e3 0-0 5. Bd3 d5 6. cxd5 exd5 7. Nge2 Re8 8. f3 b6 9. 0-0 Bb7 10. Qc2 a6 11. Bd2 c5 12. a3 Ba5 13. Rad1 Nc6 14. Bc1 c4 15. Bf5 Ne7 16. Bh3 Ng6 17. g3 b5 18. Bg2 Bb6 19. Kh1 Qe7 20. Rfe1 Rad8 21. Ng1 Bc6 22. Qf2 Qa7 23. g4 h6 24. h4 a5 25. g5 hxg5 26. hxg5 Nh7 27. f4 b4 28. axb4 axb4 29. Nce2 Ba4 30. Rd2 Ne7 31. Nf3 Qc7 32. Ng3 Ba5 33. Rg1 b3 34. f5 c3 35. bxc3 Bxc3 36. Ne5 Bxd2 37. Bxd2 Nxg5 38. f6 Qc2 39. e4 b2 40. fxe7 Rxe7 41. Nf5 Rb7 42. Qf4 f6 43. Nh6+ gxh6 44. Qxf6 Rf8 0-1

[Event "Pancevo Gligoric Memorial"]
[Site "Pancevo"]
[Date "2021.06.20"]
[Round "6"]
[White "Isha, Sharma"]
[Black "Ivanov, Jordan"]
[Result "1/2-1/2"]
[WhiteElo "2237"]
[BlackElo "2353"]
[PlyCount "61"]
[EventDate "2021.06.17"]
[EventType "tourn"]
[EventRounds "9"]
[EventCountry "SRB"]
[EventCategory "2"]
[SourceTitle "CBM 203 Extra"]
[Source "ChessBase"]
[SourceDate "2021.09.30"]
[SourceVersion "1"]
[SourceVersionDate "2021.09.30"]
[SourceQuality "1"]

1. e4 c5 2. Nf3 e6 3. d4 cxd4 4. Nxd4 Nf6 5. Nc3 d6 6. Be2 a6 7. a4 Be7 8. Be3 b6 9. f4 Bb7 10. Bf3 Qc7 11. f5 e5 12. Nb3 h5 13. Qd3 Nbd7 14. 0-0 Rc8 15. Rac1 Qc4 16. Qxc4 Rxc4 17. Nd2 Rc8 18. Rfd1 Ng4 19. Bxg4 hxg4 20. Nd5 Bxd5 21. exd5 Rh5 22. Rf1 Kd8 23. c4 Kc7 24. g3 Rch8 25. Rf2 Bg5 26. Bxg5 Rxg5 27. Ne4 Rgh5 28. Re1 Nc5 29. Nxc5 bxc5 30. a5 Rb8 31. Re3 1/2-1/2

[Event "BUL-chT 70th"]
[Site "Primorsko"]
[Date "2020.09.10"]
[Round "3.4"]
[White "Toncheva, Nadya"]
[Black "Ivanov, Jordan"]
[Result "1/2-1/2"]
[WhiteElo "2257"]
[BlackElo "2363"]
[PlyCount "238"]
[EventDate "2020.09.09"]
[EventType "team-tourn"]
[EventRounds "7"]
[EventCountry "BUL"]
[SourceTitle "CBM 198 Extra"]
[Source "ChessBase"]
[SourceDate "2020.11.30"]
[SourceVersion "1"]
[SourceVersionDate "2020.11.30"]
[SourceQuality "1"]
[WhiteTeam "Sofia Levski"]
[BlackTeam "Pazardzhik"]
[WhiteTeamCountry "BUL"]
[BlackTeamCountry "BUL"]

1. e4 d5 2. exd5 Nf6 3. Bb5+ Bd7 4. Bc4 Bg4 5. f3 Bc8 6. Nc3 g6 7. Nge2 Bg7 8. d3 0-0 9. Bf4 Nbd7 10. Qd2 Nb6 11. Bh6 Nfxd5 12. Bxg7 Kxg7 13. 0-0-0 e5 14. Nxd5 Nxd5 15. h4 Nb6 16. Bb3 h5 17. g4 Rh8 18. Qe3 Qf6 19. gxh5 Rxh5 20. Ng3 Rh8 21. Rdg1 Be6 22. h5 Bxb3 23. axb3 Nd5 24. Qe4 Qf4+ 25. Kb1 Qxe4 26. fxe4 Nf4 27. Nf5+ Kf6 28. hxg6 Rxh1 29. Rxh1 fxg6 30. Ne3 Kg7 31. Ng4 Re8 32. Kc1 Nh5 33. Rf1 a5 34. Kd2 Re6 35. Ra1 b6 36. c3 Nf6 37. Ne3 Re8 38. Rg1 Rh8 39. Rg2 Rh3 40. Nc4 Nd7 41. b4 axb4 42. cxb4 Kf6 43. Ne3 c6 44. Ng4+ Kg7 45. Rg1 Rh5 46. Ra1 Kf7 47. Ra7 Ke6 48. Rc7 Kd6 49. Rc8 Rg5 50. Ne3 b5 51. Rg8 Rg1 52. Nf5+ Ke6 53. Re8+ Kf6 54. Ne3 g5 55. Rc8 g4 56. Rxc6+ Kf7 57. Rd6 Nf6 58. Rb6 g3 59. Ke2 Nh5 60. Rxb5 Nf4+ 61. Kf3 Nxd3 62. Rb7+ Kf6 63. b5 Rb1 64. b4 Ne1+ 65. Kxg3 Rb3 66. Kf2 Nd3+ 67. Kf1 Nxb4 68. Ng4+ Kg5 69. Nxe5 Kf4 70. Nc4 Rc3 71. Nd2 Ke3 72. Rd7 Nd3 73. b6 Rc1+ 74. Kg2 Rc2 75. Kg3 Rxd2 76. e5 Rb2 77. e6 Rxb6 78. e7 Re6 79. Kg4 Ke4 80. Kg5 Ne5 81. Ra7 Nc6 82. Ra1 Kd5 83. e8Q Rxe8 84. Rd1+ Nd4 85. Kf6 Re6+ 86. Kf7 Rb6 87. Rh1 Nf3 88. Rd1+ Ke5 89. Ra1 Ng5+ 90. Kg7 Ne6+ 91. Kf7 Rb7+ 92. Kg6 Rg7+ 93. Kh6 Rg2 94. Re1+ Kf5 95. Rf1+ Nf4 96. Kh7 Rg4 97. Ra1 Kf6 98. Ra4 Ke5 99. Ra5+ Nd5 100. Kh6 Rg1 101. Kh5 Ke4 102. Kh6 Nf4 103. Ra4+ Kf5 104. Ra5+ Kf6 105. Ra6+ Ne6 106. Kh5 Ke5 107. Ra5+ Ke4 108. Ra4+ Nd4 109. Kh6 Rg2 110. Kh5 Ke5 111. Ra5+ Kf4 112. Ra4 Rg5+ 113. Kh6 Rd5 114. Kg6 Ke5 115. Ra6 Ne6 116. Ra1 Nf4+ 117. Kg5 Ke4+ 118. Kg4 Nd3 119. Ra4+ Ke5 1/2-1/2

[Event "Mallorca-chT Preferente"]
[Site "Palma de Mallorca"]
[Date "2020.03.07"]
[Round "6.1"]
[White "Ivanov, Jordan"]
[Black "Tsesarsky, Ilya"]
[Result "1/2-1/2"]
[WhiteElo "2360"]
[BlackElo "2416"]
[PlyCount "77"]
[EventDate "2020.02.01"]
[EventType "team-tourn"]
[EventRounds "9"]
[EventCountry "ESP"]
[SourceTitle "CBM 195 Extra"]
[Source "ChessBase"]
[SourceDate "2020.05.31"]
[SourceVersion "1"]
[SourceVersionDate "2020.05.31"]
[SourceQuality "1"]
[WhiteTeam "Balanguera"]
[BlackTeam "Sa Dragonera"]
[WhiteTeamCountry "ESP"]
[BlackTeamCountry "ESP"]

1. Nf3 c5 2. c4 Nf6 3. Nc3 b6 4. e3 g6 5. d4 Bg7 6. d5 0-0 7. e4 e6 8. Bd3 exd5 9. exd5 Re8+ 10. Kf1 d6 11. h3 Na6 12. a3 Nc7 13. a4 a6 14. Bg5 h6 15. Be3 Rb8 16. Qd2 b5 17. cxb5 Nfxd5 18. Nxd5 Nxd5 19. Bxh6 Nb4 20. Bxg7 Kxg7 21. Qc3+ Qf6 22. Qxf6+ Kxf6 23. Be2 Bd7 24. bxa6 Nc2 25. Rd1 Ke7 26. Ne1 Bxa4 27. a7 Rb7 28. a8Q Rxa8 29. Bf3 Rab8 30. Bxb7 Rxb7 31. Nxc2 Bxc2 32. Rd2 Rxb2 33. Ke2 Rb1 34. Rxb1 Bxb1 35. Ke3 Bf5 36. h4 Be6 37. Kf4 Kd7 38. g4 f6 39. h5 1/2-1/2

[Event "Mallorca-chT Preferente"]
[Site "Palma de Mallorca"]
[Date "2020.02.22"]
[Round "4.1"]
[White "Ivanov, Jordan"]
[Black "Calzetta Ruiz, Monica"]
[Result "0-1"]
[WhiteElo "2360"]
[BlackElo "2286"]
[PlyCount "77"]
[EventDate "2020.02.01"]
[EventType "team-tourn"]
[EventRounds "9"]
[EventCountry "ESP"]
[SourceTitle "CBM 195 Extra"]
[Source "ChessBase"]
[SourceDate "2020.05.31"]
[SourceVersion "1"]
[SourceVersionDate "2020.05.31"]
[SourceQuality "1"]
[WhiteTeam "Balanguera"]
[BlackTeam "Mallorca Isolani"]
[WhiteTeamCountry "ESP"]
[BlackTeamCountry "ESP"]

1. d4 Nf6 2. c4 c5 3. d5 b5 4. cxb5 a6 5. Nc3 axb5 6. e4 b4 7. Nb5 d6 8. Bc4 Nbd7 9. Nf3 Nb6 10. Bd3 g6 11. e5 Nfxd5 12. exd6 exd6 13. 0-0 Bg7 14. Bg5 Qd7 15. Re1+ Kf8 16. Be4 Bb7 17. Bxd5 Nxd5 18. Nxd6 Qxd6 19. Be7+ Qxe7 20. Rxe7 Nxe7 21. Qd6 Bxf3 22. gxf3 Bxb2 23. Re1 Re8 24. Re4 Bd4 25. h4 h5 26. Kg2 Kg7 27. Rxe7 Rxe7 28. Qxe7 Ra8 29. Qe2 Ra3 30. f4 b3 31. axb3 Rxb3 32. Qe4 Rb2 33. Kg3 Rxf2 34. Kh3 Rf1 35. Kg2 Rg1+ 36. Kf3 Rg4 37. Qd5 Rxh4 38. f5 g5 39. Kg3 0-1

[Event "Mutxamel 1st"]
[Site "Mutxamel"]
[Date "2019.09.20"]
[Round "8"]
[White "Cano Gimenez, Vicente"]
[Black "Ivanov, Jordan"]
[Result "1-0"]
[WhiteElo "2259"]
[BlackElo "2384"]
[PlyCount "59"]
[EventDate "2019.09.16"]
[EventType "tourn"]
[EventRounds "9"]
[EventCountry "ESP"]
[SourceTitle "EXT 2020"]
[Source "ChessBase"]
[SourceDate "2019.10.17"]
[SourceVersion "1"]
[SourceVersionDate "2019.10.17"]
[SourceQuality "1"]

1. Nf3 g6 2. g3 Bg7 3. d4 Nf6 4. Bg2 0-0 5. 0-0 d6 6. c4 c6 7. Nc3 Qa5 8. h3 e5 9. d5 cxd5 10. cxd5 b5 11. b4 Qxb4 12. Bd2 Qc4 13. a4 bxa4 14. Rxa4 Qc5 15. Qb3 Bd7 16. Rc4 Qb6 17. Qa3 a5 18. Rb1 Qa6 19. Rc7 e4 20. Ng5 Rc8 21. Rxc8+ Qxc8 22. Ngxe4 Nxe4 23. Nxe4 Bxh3 24. Bxh3 Qxh3 25. Qxd6 Nd7 26. Rb7 Qf5 27. Qxd7 Qxd7 28. Rxd7 a4 29. Nc3 a3 30. Na2 1-0

[Event "Port de Pollensa op"]
[Site "Port de Pollenca"]
[Date "2019.03.24"]
[Round "7"]
[White "Ivanov, Jordan"]
[Black "Milchev, Nikolay"]
[Result "1/2-1/2"]
[WhiteElo "2373"]
[BlackElo "2417"]
[PlyCount "27"]
[EventDate "2019.03.18"]
[EventType "swiss"]
[EventRounds "7"]
[EventCountry "ESP"]
[SourceTitle "CBM 189 Extra"]
[Source "ChessBase"]
[SourceDate "2019.06.03"]
[SourceVersion "1"]
[SourceVersionDate "2019.06.03"]
[SourceQuality "1"]

1. d4 d5 2. Bf4 Nf6 3. e3 c5 4. c3 Qb6 5. Qb3 Nc6 6. Nd2 c4 7. Qxb6 axb6 8. a3 Bf5 9. Rc1 e6 10. Ngf3 b5 11. h3 h6 12. Be2 Be7 13. 0-0 0-0 14. Ne5 1/2-1/2

[Event "Port de Pollenca"]
[Site "Port de Pollenca"]
[Date "2018.03.23"]
[Round "8"]
[White "Ivanov, Jordan"]
[Black "Kolb, Markus"]
[Result "1-0"]
[WhiteElo "2362"]
[BlackElo "2074"]
[PlyCount "33"]
[EventDate "2018.03.19"]
[EventType "tourn"]
[EventRounds "9"]
[EventCountry "ESP"]
[EventCategory "2"]
[SourceTitle "CBM 183 Extra"]
[Source "ChessBase"]
[SourceDate "2018.04.19"]
[SourceVersion "1"]
[SourceVersionDate "2018.04.19"]
[SourceQuality "1"]

1. e4 e6 2. d4 d5 3. Nd2 Nf6 4. e5 Nfd7 5. Bd3 c5 6. c3 Nc6 7. Ne2 cxd4 8. cxd4 f6 9. exf6 Nxf6 10. Nf3 Bd6 11. 0-0 0-0 12. Bf4 Nh5 13. Bxd6 Qxd6 14. Qc2 h6 15. Bh7+ Kh8 16. Nh4 g5 17. Ng6+ 1-0

[Event "Primorsko op"]
[Site "Primorsko"]
[Date "2016.09.22"]
[Round "5"]
[White "Ivanov, Jordan"]
[Black "Spasov, Vasil"]
[Result "1/2-1/2"]
[WhiteElo "2343"]
[BlackElo "2544"]
[PlyCount "21"]
[EventDate "2016.09.18"]
[EventType "swiss"]
[EventRounds "9"]
[EventCountry "BUL"]
[SourceTitle "CBM 174 Extra"]
[Source "ChessBase"]
[SourceDate "2016.10.10"]
[SourceVersion "1"]
[SourceVersionDate "2016.10.10"]
[SourceQuality "1"]

1. d4 Nf6 2. c4 g6 3. Nc3 Bg7 4. e4 d6 5. Nf3 Bg4 6. Be2 0-0 7. Ng1 Bc8 8. Nf3 Bg4 9. Ng1 Bc8 10. Nf3 Bg4 11. Ng1 1/2-1/2

[Event "Primorsko op"]
[Site "Primorsko"]
[Date "2016.09.20"]
[Round "3"]
[White "Nikolov, Momchil"]
[Black "Ivanov, Jordan"]
[Result "1/2-1/2"]
[WhiteElo "2585"]
[BlackElo "2343"]
[PlyCount "199"]
[EventDate "2016.09.18"]
[EventType "swiss"]
[EventRounds "9"]
[EventCountry "BUL"]
[SourceTitle "CBM 174 Extra"]
[Source "ChessBase"]
[SourceDate "2016.10.10"]
[SourceVersion "1"]
[SourceVersionDate "2016.10.10"]
[SourceQuality "1"]

1. d4 d5 2. Nf3 c5 3. c4 dxc4 4. e3 cxd4 5. Bxc4 Qc7 6. Qb3 e6 7. exd4 Nc6 8. 0-0 a6 9. Qe3 Nf6 10. Nc3 Be7 11. Qe2 0-0 12. a3 b5 13. Ba2 Bb7 14. Be3 b4 15. Na4 bxa3 16. bxa3 Bxa3 17. Bxe6 Bd6 18. Bc4 Na5 19. Ba2 Bxf3 20. Qxf3 Bxh2+ 21. Kh1 Bd6 22. Rfc1 Qb7 23. Qf5 Qb5 24. Nc5 Nc6 25. Bc4 Ne7 26. Qh3 Qc6 27. Ne6 Qe4 28. Nxf8 Rxf8 29. Rxa6 Nf5 30. Bg5 Ng4 31. Qf3 Qxd4 32. Ra2 Qe5 33. Qh3 h6 34. Bh4 Rc8 35. Rac2 Rc5 36. Kg1 Qd4 37. Qd3 Qxd3 38. Bxd3 Rxc2 39. Rxc2 Nxh4 40. Rc8+ Bf8 41. Rc7 Ne5 42. Be4 Nhg6 43. g3 Ne7 44. f4 Ng4 45. Bc2 g6 46. Bb3 Kg7 47. Rb7 h5 48. Kg2 Nh6 49. Rd7 Nef5 50. Kf3 Bb4 51. Rd1 Bc3 52. Ba2 Nd4+ 53. Kg2 Ng4 54. Rd3 Bb2 55. Rd2 Ba1 56. Rd3 Kf6 57. Bc4 Nf5 58. Bb3 Bd4 59. Kf3 Ke7 60. Rd2 Kf6 61. Ra2 Bf2 62. Ra6+ Kg7 63. Bd5 Nxg3 64. Ra2 Nf5 65. Rxf2 Nxf2 66. Kxf2 Kf6 67. Be4 Ke6 68. Bb1 f6 69. Ba2+ Ke7 70. Bb1 Kf7 71. Bd3 Ne7 72. Be2 Kg7 73. Kg3 Kh6 74. Kh3 g5 75. fxg5+ fxg5 76. Bd1 Nc6 77. Bf3 Ne5 78. Be4 g4+ 79. Kh4 Ng6+ 80. Kg3 Kg5 81. Bc6 h4+ 82. Kh2 Nf4 83. Bd7 g3+ 84. Kg1 Kf6 85. Bc8 Ke5 86. Bd7 Ke4 87. Bc6+ Ke3 88. Bd7 g2 89. Bg4 Kd4 90. Kf2 Ke4 91. Bc8 Ke5 92. Bd7 Kf6 93. Bc8 Ke7 94. Bg4 Kd6 95. Bc8 Ke7 96. Bg4 Kd8 97. Bf5 Nd5 98. Bh3 Ne3 99. Bxg2 Nxg2 100. Kxg2 1/2-1/2

[Event "Albena op-A"]
[Site "Albena"]
[Date "2016.06.24"]
[Round "7"]
[White "Ivanov, Jordan"]
[Black "Bernadskiy, Vitaliy"]
[Result "1/2-1/2"]
[WhiteElo "2330"]
[BlackElo "2521"]
[PlyCount "64"]
[EventDate "2016.06.18"]
[EventType "swiss"]
[EventRounds "9"]
[EventCountry "BUL"]
[SourceTitle "CBM 173 Extra"]
[Source "ChessBase"]
[SourceDate "2016.08.29"]
[SourceVersion "1"]
[SourceVersionDate "2016.08.29"]
[SourceQuality "1"]

1. Nf3 Nf6 2. c4 g6 3. Nc3 Bg7 4. e4 d6 5. d4 0-0 6. h3 Nbd7 7. Bg5 c5 8. d5 Re8 9. Bd3 Nf8 10. Qd2 e5 11. g4 a6 12. a4 Bd7 13. a5 b6 14. axb6 Qxb6 15. Be3 Reb8 16. Ra2 h5 17. g5 Ne8 18. Bc2 Qd8 19. Ba4 Rb4 20. Bxd7 Nxd7 21. Qd3 Nb6 22. Nd2 Qd7 23. b3 a5 24. Kf1 a4 25. bxa4 Nxa4 26. Rxa4 Raxa4 27. Nxa4 Rxa4 28. Kg2 Nc7 29. Qb3 Rb4 30. Qa2 Ra4 31. Qb3 Rb4 32. Qa2 Ra4 1/2-1/2

[Event "Albena op-A"]
[Site "Albena"]
[Date "2016.06.23"]
[Round "6"]
[White "Tokranovs, Dmitrijs"]
[Black "Ivanov, Jordan"]
[Result "0-1"]
[WhiteElo "2259"]
[BlackElo "2330"]
[PlyCount "72"]
[EventDate "2016.06.18"]
[EventType "swiss"]
[EventRounds "9"]
[EventCountry "BUL"]
[SourceTitle "CBM 173 Extra"]
[Source "ChessBase"]
[SourceDate "2016.08.29"]
[SourceVersion "1"]
[SourceVersionDate "2016.08.29"]
[SourceQuality "1"]

1. e4 c5 2. c3 Nf6 3. e5 Nd5 4. d4 cxd4 5. Nf3 d6 6. cxd4 Nc6 7. Bc4 dxe5 8. dxe5 Ndb4 9. Qb3 e6 10. 0-0 Na5 11. Bb5+ Bd7 12. Qa4 Bxb5 13. Qxb5+ Nac6 14. Nc3 a6 15. Qc4 Qd3 16. Qg4 h5 17. Qf4 Qg6 18. Rd1 Be7 19. Qc4 0-0 20. a3 b5 21. Qe4 Qxe4 22. Nxe4 Rfd8 23. Bd2 Nd3 24. Bc3 Rd5 25. Ng3 Rad8 26. Nxh5 a5 27. Rab1 b4 28. axb4 axb4 29. Be1 Ndxe5 30. Rxd5 Nxf3+ 31. gxf3 Rxd5 32. Ng3 Rd3 33. f4 Nd4 34. Kf1 f5 35. Ne2 Nb3 36. Nc1 Rd1 0-1

[Event "Albena op-A"]
[Site "Albena"]
[Date "2016.06.20"]
[Round "3"]
[White "Ivanov, Jordan"]
[Black "Filev, Georgi"]
[Result "1-0"]
[WhiteElo "2330"]
[BlackElo "2399"]
[PlyCount "133"]
[EventDate "2016.06.18"]
[EventType "swiss"]
[EventRounds "9"]
[EventCountry "BUL"]
[SourceTitle "CBM 173 Extra"]
[Source "ChessBase"]
[SourceDate "2016.08.29"]
[SourceVersion "1"]
[SourceVersionDate "2016.08.29"]
[SourceQuality "1"]

1. Nf3 f5 2. g3 Nf6 3. Bg2 g6 4. 0-0 Bg7 5. d4 0-0 6. c4 d6 7. Nc3 Nc6 8. d5 Ne5 9. Nxe5 dxe5 10. Qb3 Kh8 11. Rd1 h6 12. c5 g5 13. Bd2 e4 14. Rac1 a6 15. f3 Qe8 16. Rf1 e5 17. fxe4 f4 18. Nd1 Qh5 19. Nf2 Qxe2 20. Qd1 Qb5 21. Bc3 Qe8 22. gxf4 gxf4 23. Kh1 Nh7 24. Bf3 Bd7 25. Rg1 Qe7 26. Bg4 f3 27. Bxd7 Qxd7 28. c6 bxc6 29. dxc6 Qf7 30. Qd7 Ng5 31. Rcd1 Rae8 32. Bb4 Qf4 33. Bxf8 Rxf8 34. Rg4 Qe3 35. Qd2 Qc5 36. h4 Ne6 37. Rc1 Qe7 38. Rcg1 Rf7 39. R1g3 h5 40. Rg5 Nxg5 41. Qxg5 Qc5 42. Rxf3 Rxf3 43. Qxh5+ Kg8 44. Qxf3 Qxc6 45. Kg2 Bh6 46. Qg3+ Bg7 47. Qb3+ Kh7 48. h5 Qe8 49. Qf3 Qg8 50. Qf5+ Kh8 51. Ng4 Qxa2 52. h6 Qxb2+ 53. Kh3 Qc3+ 54. Kh4 Bxh6 55. Nxh6 Qe1+ 56. Kh5 Qh1+ 57. Kg6 Qg1+ 58. Ng4 Qb6+ 59. Nf6 Qg1+ 60. Kf7 Qg7+ 61. Ke6 Qh6 62. Kxe5 Kg7 63. Qd7+ Kg6 64. Qg4+ Qg5+ 65. Qxg5+ Kxg5 66. Nd5 c5 67. Kd6 1-0

[Event "Albena op-A"]
[Site "Albena"]
[Date "2016.06.19"]
[Round "2"]
[White "Andronescu, Madalin"]
[Black "Ivanov, Jordan"]
[Result "0-1"]
[WhiteElo "2186"]
[BlackElo "2330"]
[PlyCount "56"]
[EventDate "2016.06.18"]
[EventType "swiss"]
[EventRounds "9"]
[EventCountry "BUL"]
[SourceTitle "CBM 173 Extra"]
[Source "ChessBase"]
[SourceDate "2016.08.29"]
[SourceVersion "1"]
[SourceVersionDate "2016.08.29"]
[SourceQuality "1"]

1. e4 d5 2. exd5 Nf6 3. d4 Nxd5 4. c4 Nb6 5. Nc3 e5 6. dxe5 Qxd1+ 7. Kxd1 Nc6 8. Bf4 Be6 9. b3 0-0-0+ 10. Kc2 Ba3 11. Nb5 Bf5+ 12. Kc3 Bb4+ 13. Kb2 Bd2 14. Bg3 a6 15. Na3 Nd7 16. Nf3 Nc5 17. Nb1 Bh6 18. Nc3 Rhe8 19. Nd5 Ne4 20. Re1 a5 21. a3 a4 22. b4 g5 23. b5 Na5 24. b6 c6 25. Nc7 Re7 26. e6 Bg7+ 27. Be5 Bxe5+ 28. Nxe5 Rd2+ 0-1

[Event "Belogradchik"]
[Site "Belogradchik"]
[Date "2016.02.27"]
[Round "8"]
[White "Ivanov, Jordan"]
[Black "Salimova, Nurgyul"]
[Result "1/2-1/2"]
[WhiteElo "2337"]
[BlackElo "2092"]
[PlyCount "23"]
[EventDate "2016.02.22"]
[EventType "tourn"]
[EventRounds "9"]
[EventCountry "BUL"]
[EventCategory "1"]
[SourceTitle "CBM 171 Extra"]
[Source "ChessBase"]
[SourceDate "2016.04.26"]
[SourceVersion "1"]
[SourceVersionDate "2016.04.26"]
[SourceQuality "1"]

1. d4 Nf6 2. Nf3 e6 3. Bg5 d5 4. e3 c6 5. Bd3 Be7 6. 0-0 0-0 7. Nbd2 Nbd7 8. e4 dxe4 9. Nxe4 Nxe4 10. Bxe7 Qxe7 11. Bxe4 Nf6 12. Bd3 1/2-1/2